LEADER 00941cam0 2200277 450 001 E600200027902 005 20150608095851.0 100 $a20070628d1979 |||||ita|0103 ba 101 $aeng 102 $aGB 200 1 $aEnglish in physical science$fJ.P.B.Allen, H.G.Widdowson 210 $aOxford$cOxford University Press$d1979 215 $aX, 104 p.$cill.$d23 cm 225 2 $aEnglish in focus 410 1$1001LAEC00023692$12001 $a*English in focus 700 1$aAllen$b, John P.$3A600200042411$4070$0285775 701 1$aWiddowson, Henry G.$3A600200042412$4070$0771873 801 0$aIT$bUNISOB$c20150608$gRICA 850 $aUNISOB 852 $aUNISOB$j820$m135134 912 $aE600200027902 940 $aM 102 Monografia moderna SBN 941 $aM 957 $a820$b002701$gSi$d135134$rdono$1pomicino$2UNISOB$3UNISOB$420070628082029.0$520150608095851.0$6Alfano 996 $aEnglish in physical science$91686337 997 $aUNISOB